| 000 | 00565nam a2200181Ia 4500 | ||
|---|---|---|---|
| 008 | 191130s2002##################000#0#eng## | ||
| 020 | _a9789041118875 | ||
| 040 |
_aACL _cACL |
||
| 082 | _a344.49202 PEN | ||
| 100 | _aPennings, Frans | ||
| 245 |
_aDutch social security law in an international context _cFrans pennings |
||
| 260 |
_aAlphen aan den Rijn, The Netherlands ; Frederick, MD _bKluwer Law International _c2002 |
||
| 300 | _a279 p.; 23 cm | ||
| 650 | _aEconomics | ||
| 990 | _a6ddb5cb6ac10000c2652363c64eae3ab | ||
| 991 | _a311040 | ||
| 999 |
_c154260 _d154260 |
||